Statistiques concernant Les pays membres de la FIFA

Cliquez ici pour prendre le quiz!

Statistiques générales

  • Ce quiz a été pris 179 fois
    (85 depuis la dernière actualisation)
  • Le résultat moyen est 148 sur 210

Statistiques - réponses

RangRéponse% Correct
3France
93%
1Brésil
89%
13États-Unis
89%
67Afrique du Sud
87%
14Allemagne
87%
5Angleterre
87%
2Argentine
87%
48Irlande
87%
4Belgique
86%
10Espagne
86%
8Italie
86%
20Japon
86%
15Mexique
86%
22Pologne
86%
9Portugal
86%
23Suède
86%
40Algérie
85%
59Canada
85%
25Corée du Sud
85%
18Danemark
85%
11Maroc
85%
46Paraguay
85%
6Pays-Bas
85%
37Russie
85%
44Turquie
85%
16Uruguay
85%
27Australie
83%
112Corée du Nord
83%
42Écosse
83%
36Hongrie
83%
106Inde
83%
105Nouvelle-Zélande
83%
28Pays de Galles
83%
60Qatar
83%
12Suisse
83%
31Chili
82%
80Chine
82%
41Équateur
82%
56Finlande
82%
24Iran
82%
73République Démocratique du Congo
82%
29Serbie
82%
153Andorre
80%
97Biélorussie
80%
7Croatie
80%
168Cuba
80%
51Grèce
80%
64Jamaique
80%
43Norvège
80%
99République du Congo
80%
55Vénézuela
80%
34Autriche
79%
82Bolivie
79%
39Égypte
79%
83Guinée
79%
76Israel
79%
167Malte
79%
21Pérou
79%
52Roumanie
79%
54Slovaquie
79%
30Tunisie
79%
49Arabie Saoudite
77%
33Cameroun
77%
17Colombie
77%
109Estonie
77%
58Ghana
77%
87Haiti
77%
68Irak
77%
59Irlande du Nord
77%
63Islande
77%
133Lettonie
77%
198Liechtenstein
77%
92Luxembourg
77%
65Macédoine du Nord
77%
183Mongolie
77%
122Niger
77%
35Nigeria
77%
195Pakistan
77%
211Saint-Marin
77%
62Slovénie
77%
128Soudan
77%
111Thailande
77%
26Ukraine
77%
66Albanie
76%
32Costa Rica
76%
47Cote d'Ivoire
76%
81Honduras
76%
144Lituanie
76%
45Mali
76%
61Panama
76%
38République Tchèque
76%
19Sénégal
76%
57Bosnie-Herzégovine
75%
110Chypre
75%
78Géorgie
75%
102Madagascar
75%
69Monténégro
75%
90Syrie
75%
104Trinité-et-Tobago
75%
71Bulgarie
73%
151Indonésie
73%
101Kenya
73%
107Kosovo
73%
165Soudan du Sud
73%
96Vietnam
73%
88Zambie
73%
121Azerbaidjan
72%
98Guinée-Équatoriale
72%
120Libye
72%
103Mauritanie
72%
196Tonga
72%
125Zimbabwe
72%
75Oman
70%
152République Dominicaine
70%
74Salvador
70%
204Somalie
70%
127Togo
70%
95Arménie
69%
138Éthiopie
69%
163Fidji
69%
118Guinée-Bissau
69%
171Guyana
69%
174Moldavie
69%
158Papouasie-Nouvelle-Guinée
69%
157Taipei Chinois
69%
181Tchad
69%
132Turkmenistan
69%
155Afghanistan
68%
117Angola
68%
149Botswana
68%
201Érythrée
68%
119Guatemala
68%
187Laos
68%
150Libéria
68%
145Malaisie
68%
113Namibie
68%
134Philippines
68%
137Rwanda
68%
172Sainte-Lucie
68%
160Singapour
68%
139Suriname
68%
130Tanzanie
68%
154Yemen
68%
192Bangladesh
66%
166Barbade
66%
176Belize
66%
91Bénin
66%
185Bhoutan
66%
50Burkina Faso
66%
177Cambodge
66%
193Djibouti
66%
79Gabon
66%
148Koweit
66%
175Népal
66%
89Ouganda
66%
77Ouzbékistan
66%
203Bahamas
65%
72Cap-Vert
65%
129Comores
65%
70Émirats Arabes Unis
65%
173Grenade
65%
84Jordanie
65%
115Kazakhstan
65%
94Kirghizistan
65%
147Lesotho
65%
100Liban
65%
199Seychelles
65%
207Sri Lanka
65%
114Mozambique
63%
142Nicaragua
63%
178Saint-Vincent-et-les-Grenadines
63%
116Sierra Leone
63%
135Tadjikistan
63%
141Burundi
62%
126Gambie
62%
140Saint-Christophe-et-Niévès
62%
191Samoa
62%
188Samoa Américaines
62%
197Timor Oriental
62%
131Antigua-et-Barbuda
61%
85Bahrein
61%
159Birmanie
61%
184Dominique
61%
143Eswatini
61%
200Gibraltar
61%
180Maurice
61%
156Maldives
59%
190Brunei
58%
164Vanuatu
58%
123Iles Féroé
56%
132République Centrafricaine
56%
186Sao-Tome-et-Principe
56%
124Malawi
54%
93Palestine
52%
136Salomon
49%
161Nouvelle-Calédonie
45%
146Hong-Kong
44%
208Iles Vierges Américaines
42%
209Iles Vierges Britanniques
42%
169Bermudes
38%
170Porto Rico
38%
202Aruba
37%
182Macao
35%
162Tahiti
35%
210Anguilla
34%
86Curacao
34%
194Iles Caimans
34%
205Guam
32%
179Montserrat
32%
206Iles Turques et Caiques
15%

Distribution des résultats

Percentile par nombre de réponses

% des personnes avec chaque résultat

Votre développement - résultats

Vous n’avez pas pris ce quiz depuis la dernière actualisation